| 000 | nam a22 a 4500 | ||
|---|---|---|---|
| 999 |
_c2514 _d2514 |
||
| 005 | 20170517090457.0 | ||
| 008 | 170517b1990 nyu||||| |||| 00| 0 eng d | ||
| 020 | _a0393027899 | ||
| 040 | _aAKMAL | ||
| 082 | _a613.85 FAR | ||
| 090 |
_a613.85 _bFAR |
||
| 100 |
_aFarquhar, John W. _d1927- _95219 |
||
| 245 |
_aThe last puff _bex-smokers share the secrets of their success / _cJohn W. Farquhar, Gene A. Spiller. |
||
| 250 | _a1st ed. | ||
| 260 |
_aNew York _bW.W. Norton _cc1990. |
||
| 300 |
_a252 p. _ccm |
||
| 650 |
_aEx-smokers _vInterviews. _zUnited States _95220 |
||
| 650 |
_aCigarette smokers _vCase studies. _xPsychology _zUnited States _95221 |
||
| 650 |
_aTobacco use _zUnited States. _95222 |
||
| 700 |
_aSpiller, Gene A. _95223 |
||
| 942 |
_2ddc _cBOOK |
||